ბათუმის შოთა რუსთაველის სახელმწიფო უნივერსიტეტის ბიბლიოთეკა

Элементы программирования (ბიბ.ჩანაწერი № 40438)

000 -LEADER
fixed length control field 00509nam a2200193Ia 4500
001 - CONTROL NUMBER
control field 7047
003 - CONTROL NUMBER IDENTIFIER
control field GE_BSU
008 - FIXED-LENGTH DATA ELEMENTS--GENERAL INFORMATION
fixed length control field 181216s||||||||xx |||||||||||||| ||und||
040 ## - CATALOGING SOURCE
Transcribing agency GE_BSU
100 ## - MAIN ENTRY--PERSONAL NAME
Personal name Абрамов, С.
245 ## - TITLE STATEMENT
Title Элементы программирования
245 ## - TITLE STATEMENT
Statement of responsibility, etc. ред. Н.Н. Васина
260 ## - PUBLICATION, DISTRIBUTION, ETC.
Place of publication, distribution, etc. Москва
260 ## - PUBLICATION, DISTRIBUTION, ETC.
Name of publisher, distributor, etc. Наука
260 ## - PUBLICATION, DISTRIBUTION, ETC.
Date of publication, distribution, etc. 1982
300 ## - PHYSICAL DESCRIPTION
Extent 93стр. 20см.
653 ## - INDEX TERM--UNCONTROLLED
Uncontrolled term Элементы программирования
942 ## - ADDED ENTRY ELEMENTS (KOHA)
Koha item type წიგნი

არაა ხელმისაწვდომი ეგზემპლარები.